Northern Irish Slang - Statistics

General Stats
  • This quiz has been taken 47 times
  • The average score is 6 of 26
Answer Stats
Definition Answer % Correct
Susposed to mean small but more commonly used as a prefix that doesn't mean anything Wee
80%
Yes Aye
70%
Idiot Eejit
60%
Gossip, fun, news Craic
53%
Vomit Boke
50%
Stroll Dander
38%
Police officer Peeler
35%
Ice-cream cone Poke
28%
Face Bake
25%
Ashamed, embrassed Scundered
20%
Old Aul
18%
Cool Class
18%
An annoying person Melter
18%
Derogatory term for a working class or unemployed woman who's often undereducated and spends her money on alcohol Millie
18%
Good, alright Deadon
15%
Nice, easy going Sound
15%
Child Weein
15%
Slander, insult Slabber
13%
Lucky, often in an unexpected way Jammy
10%
Old woman Aul doll
8%
Mouth Gub
8%
Nose Neb
8%
Tease Slag
8%
Broken, often beyond repair Bamjaxed
5%
Useless, ineffective Wick
5%
Fun Banter
3%
No matching quizzes found
Score Distribution
Percent of People with Each Score
Percentile by Number Answered
Your Score History
You have not taken this quiz